Les 20 villes les plus peuplées de la Haute-Loire sur une carte - Statistiques

Statistiques générales
  • Ce quiz a été pris 115 fois
  • Le résultat moyen est 9 sur 20
Réponses sur la Carte
Les réponses sont colorées sur une échelle allant du rouge au vert en fonction du pourcentage des utilisateurs qui les ont devinées à leur premier essai. Vous pouvez retrouver ces pourcentages ci-dessous.
 
Statistiques - réponses
Population Ville % Correct
18 989 Le Puy-en-Velay
100%
7 380 Yssingeaux
88%
6 523 Brioude
84%
8 874 Monistrol-sur-Loire
79%
4 242 Brives-Charensac
57%
6 060 Sainte-Sigolène
52%
6 133 Aurec-sur-Loire
49%
3 574 Espaly-Saint-Marcel
40%
3 392 Vals-près-le-Puy
39%
3 433 Langeac
38%
4 631 Bas-en-Basset
35%
3 148 Tence
35%
2 827 Polignac
30%
2 971 Retournac
29%
3 459 Saint-Germain-Laprade
29%
3 502 Saint-Didier-en-Velay
27%
2 964 Beauzac
25%
4 220 Saint-Just-Malmont
22%
3 137 Coubon
18%
3 257 Sainte-Florine
18%
Aucun quiz correspondant
Distribution des résultats
% des personnes avec chaque résultat
Percentile par nombre de réponses
Votre historique - résultats
Vous n’avez pas pris ce quiz